Länder Europas mit 🔵🔴⚪️ in der Flagge - Statistiken

Allgemein
  • Dieses Quiz wurde 186 mal gespielt
  • Das Durchschnittsergebnis liegt bei 6 aus 9
Antwortstatistiken
🔵🔴⚪️ Land % Korrekt
1. Frankreich
89%
6. Russland
84%
4. Niederlande
82%
3. Luxemburg
76%
7. Slowakei
74%
2. Island
63%
9. Vereinigtes Königreich
62%
5. Norwegen
58%
8. Tschechien
54%
Keine ĂĽbereinstimmenden Quizze gefunden
Verteilung der Resultate
Anzahl Personen mit jedem Resultat
Perzentil nach korrekt beantworteten Fragen
Ihre Resultats-Entwicklung
Sie haben dieses Quiz noch nicht gespielt